| 000 | 01053nam a2200253Ia 4500 | ||
|---|---|---|---|
| 003 | OSt | ||
| 005 | 20220923211044.0 | ||
| 006 | a|||||r|||| 00| 0 | ||
| 007 | ta | ||
| 008 | 220922b |||||||| |||| 00| 0 hin d | ||
| 020 |
_a8174531084 (hbk) _c400 |
||
| 024 | _a235,248 | ||
| 037 |
_b348, 13/03/2008, Swaraj Prakashan _cTextual |
||
| 040 |
_aARTS _cARTS _bhin |
||
| 041 |
_2hin _ahin |
||
| 082 | _aO152,1N:g(W94), P4 | ||
| 100 |
_aमिश्र, नरेश, संपा. _9157677 |
||
| 245 | 0 |
_aआधुनिक हिंदी राष्ट्रीय काव्य धारा _b राष्ट्रीयता और मानवतावाद |
|
| 246 | _aĀdhunik hiandī rāṣhṭrīya kāvya dhārā: rāṣhṭrīyatā aur mānavatāvāda | ||
| 260 |
_aदिल्ली _b संजय प्रकाशन _c2004 |
||
| 300 |
_a261पृ. _ccm. |
||
| 942 |
_hO152,1N:g(W94), P4 _cTEXL _2CC |
||
| 999 |
_c294588 _d294588 |
||